College Quizbowl Stats
College Quizbowl Stats
Circuits
Seasons
Sets
Records
Detailed Stats
About
Loading...
2023 Penn Bowl (UK)
Tossups
Bonuses
Players
Teams
Categories (Tossup)
Categories (Bonus)
Abigal Tan
Tabearnacle
Categories
Category
Powers
Gets
Negs
BBs
Points
Earliest Buzz
Avg. Buzz
First Buzzes
Top 3 Buzzes
History - European History
1
0
0
0
15
36
36.00
1
1
Science - Biology
0
1
0
0
10
115
115.00
0
0
Science - Other Science
0
1
0
1
10
124
124.00
0
0
Fine Arts - Visual Fine Arts
0
0
1
0
-5
0.00
0
0
Buzzes
Category
Answer
Value
Buzz Position
History - European History
Otto
15
36
Fine Arts - Visual Fine Arts
equestrian statues
-5
41
Science - Biology
phosphorylation
10
115
Science - Other Science
Gottfried Leibniz
10
124
Previous
1
Next